Odd One Out: Voice Acting Roles Quiz Stats

Quiz Updated Nov 14, 2015

Challenge
Share
Tweet
Embed
Score 0/15 Timer 16:00
1 Play Today
Odd Role Out % Correct
???
74.7%
???
55.8%
???
54.9%
???
51.3%
???
50.8%
???
46.8%
???
46.2%
???
44%
Odd Role Out % Correct
???
42.8%
???
38.4%
???
35.5%
???
31.2%
???
29.3%
???
28.6%
???
24.1%

You're not logged in!

Compare scores with friends on all Sporcle quizzes.
Sign Up with Email
OR
Log In

You Might Also Like...

Show Comments

Extras

Top Quizzes Today


Score Distribution

Your Account Isn't Verified!

In order to create a playlist on Sporcle, you need to verify the email address you used during registration. Go to your Sporcle Settings to finish the process.